Prosang itim / (Record no. 25563)
[ view plain ]
| 000 -LEADER | |
|---|---|
| fixed length control field | 00517nam a22001937a 4500 |
| 005 - DATE AND TIME OF LATEST TRANSACTION | |
| control field | 20140310183629.0 |
| 008 - FIXED-LENGTH DATA ELEMENTS--GENERAL INFORMATION | |
| fixed length control field | 131115b xxu||||| |||| 00| 0 eng d |
| 020 ## - INTERNATIONAL STANDARD BOOK NUMBER | |
| International Standard Book Number | 9712704777 |
| 050 ## - LIBRARY OF CONGRESS CALL NUMBER | |
| Classification number | PL 6058.6 |
| Item number | .B594 1996 |
| 082 ## - DEWEY DECIMAL CLASSIFICATION NUMBER | |
| Classification number | FIL 899.211 |
| Item number | B48 1996 |
| 100 ## - MAIN ENTRY--PERSONAL NAME | |
| Personal name | Bigornia, Mike L. |
| 245 ## - TITLE STATEMENT | |
| Title | Prosang itim / |
| Remainder of title | Mike L. Bigornia. |
| 260 ## - PUBLICATION, DISTRIBUTION, ETC. (IMPRINT) | |
| Place of publication, distribution, etc | Pasig, Filipinas : |
| Name of publisher, distributor, etc | Anvil Pub., |
| Date of publication, distribution, etc | 1996. |
| 300 ## - PHYSICAL DESCRIPTION | |
| Extent | xxii, 113 p. : |
| Other physical details | ill. ; |
| Dimensions | 21 cm. |
| 942 ## - ADDED ENTRY ELEMENTS (KOHA) | |
| Source of classification or shelving scheme | Library of Congress Classification |
| Koha item type | Books |
| Withdrawn status | Lost status | Source of classification or shelving scheme | Damaged status | Home library | Current library | Shelving location | Date acquired | Total Checkouts | Full call number | Barcode | Date last seen | Copy number | Price effective from | Koha item type |
|---|---|---|---|---|---|---|---|---|---|---|---|---|---|---|
| Library of Congress Classification | Luxembourg Library | Luxembourg Library | Filipiniana Section | 11/15/2013 | PL 6058.6 .B594 1996 | 13392 | 11/15/2013 | 1 | 11/15/2013 | Books | ||||
| Library of Congress Classification | Luxembourg Library | Luxembourg Library | Filipiniana Section | 11/15/2013 | PL 6058.6 .B594 1996 | 13393 | 11/15/2013 | 2 | 11/15/2013 | Books | ||||
| Library of Congress Classification | Luxembourg Library | Luxembourg Library | Filipiniana Section | 11/15/2013 | PL 6058.6 .B594 1996 | 13394 | 11/15/2013 | 3 | 11/15/2013 | Books |